ბათუმის შოთა რუსთაველის სახელმწიფო უნივერსიტეტის ბიბლიოთეკა

ბედისწერა:[ლიტ.წერილები:ქართული ლიტერატურის ისტორია და ისტორია] (ბიბ.ჩანაწერი № 43559)

000 -LEADER
fixed length control field 00933nam a2200229Ia 4500
001 - CONTROL NUMBER
control field 10291
003 - CONTROL NUMBER IDENTIFIER
control field GE_BSU
008 - FIXED-LENGTH DATA ELEMENTS--GENERAL INFORMATION
fixed length control field 181216s||||||||xx |||||||||||||| ||und||
040 ## - CATALOGING SOURCE
Transcribing agency GE_BSU
080 ## - UNIVERSAL DECIMAL CLASSIFICATION NUMBER
Universal Decimal Classification number 821.353.1.09
100 ## - MAIN ENTRY--PERSONAL NAME
Personal name სტურუა,დევი
245 ## - TITLE STATEMENT
Title ბედისწერა:[ლიტ.წერილები:ქართული ლიტერატურის ისტორია და ისტორია]
245 ## - TITLE STATEMENT
Statement of responsibility, etc. რედ.ნ.ქართველიშვილი.მხატვ.ნ.ჯიშკარიანი
260 ## - PUBLICATION, DISTRIBUTION, ETC.
Place of publication, distribution, etc. თბილისი
260 ## - PUBLICATION, DISTRIBUTION, ETC.
Name of publisher, distributor, etc. ნაკადული
260 ## - PUBLICATION, DISTRIBUTION, ETC.
Date of publication, distribution, etc. 1989
300 ## - PHYSICAL DESCRIPTION
Extent 188გვ.20სმ.
653 ## - INDEX TERM--UNCONTROLLED
Uncontrolled term ბედისწერა
653 ## - INDEX TERM--UNCONTROLLED
Uncontrolled term ლიტ.წერილები:ქართული ლიტერატურის ისტორია და ისტორია
942 ## - ADDED ENTRY ELEMENTS (KOHA)
Koha item type წიგნი
ეგზემპლარები
Withdrawn status Lost status Damaged status Not for loan Date acquired Barcode Date last seen Price effective from Koha item type
        2018-12-17 33656 2018-12-17 2018-12-17 წიგნი